| 000 | 00575nam a2200193Ia 4500 | ||
|---|---|---|---|
| 999 |
_c10075 _d10075 |
||
| 003 | OSt | ||
| 005 | 20191226152245.0 | ||
| 008 | 190216s9999||||xx |||||||||||||| ||und|| | ||
| 020 | _a8125004211 | ||
| 040 | _coclc | ||
| 082 |
_a330.15 _bROY/V |
||
| 100 |
_aRoychowdhury, K C _9791 |
||
| 245 | 0 |
_aValue Prices And Distribution: The Ricardo - Marx - Sraffa System / _cK C Roychowdhury |
|
| 250 | _a1st ed. | ||
| 260 |
_bOrient Longman, _c1996. _aHyderabad: |
||
| 300 | _a340p | ||
| 650 | _aEconomics | ||
| 942 |
_cBK _2ddc _h330.15 _iROY/V _k330.15 _mROY/V |
||